Statistiques concernant Meilleurs buteurs par club Pl 2022/2023

Cliquez ici pour prendre le quiz!

Statistiques générales

  • Ce quiz a été pris 159 fois
  • Le résultat moyen est 10 sur 20

Statistiques - réponses

ClubNomNombre de but% Correct
Manchester CityErling Haaland36
96%
LiverpoolMohamed Salah19
96%
TottenhamHarry Kane30
92%
Manchester UnitedMarcus Rashford17
84%
ArsenalMartin Odegaard15
75%
BrentfordIvan Toney20
65%
Aston VillaOllie Watkins15
62%
FulhamAleksandar Mitrovic14
55%
NewcastleCallum Wilson18
53%
ChelseaKai Havertz7
51%
Crystal PalaceEberechi Eze10
34%
LeicesterHarvey Barnes13
32%
BrightonAlexis Mac Allister10
28%
LeedsRodrigo Moreno13
25%
SouthamptonJames Ward-Prowse9
22%
WolvesRuben Neves6
22%
West HamDany Ings8
19%
Nottingham ForestTaiwo Awoniyi10
19%
BournemouthPhilip Billing7
12%
EvertonDwight McNeil7
10%

Distribution des résultats

Percentile par nombre de réponses

% des personnes avec chaque résultat

Votre développement - résultats

Vous n’avez pas pris ce quiz